| 000 | 00706nam a2200241 a 4500 | ||
|---|---|---|---|
| 005 | 20140310183206.0 | ||
| 008 | 021017s19uu xx 00 eng d | ||
| 050 |
_aRT 89 _b.M387 2000 |
||
| 100 | _aMarquis, Bessie L. | ||
| 245 |
_aLeadership Roles and Management Functions in Nursing : _bTheory and applications / _cBessie L. Marquis. |
||
| 250 | _a3th ed. | ||
| 260 |
_aPhilippines: _bLippincott Williams & Wilkins, _c2000. |
||
| 300 |
_a656 p. : _c26 cm. _bcol. ill. ; |
||
| 521 | _aNUR | ||
| 650 |
_aNursing services _xAdministration. |
||
| 650 | _aLeadership | ||
| 942 |
_cBK _2lcc _kFOR |
||
| 999 |
_c20005 _d20005 |
||